| 000 | 00388 a2200157 4500 | ||
|---|---|---|---|
| 003 | OSt | ||
| 005 | 20180116182715.0 | ||
| 008 | 160429b xxu||||| |||| 00| 0 eng d | ||
| 020 | _a9788178299082 | ||
| 040 | _c0 | ||
| 100 | _aNANDAN RAGHU | ||
| 245 | _aUNLEASHING YOUR ENTREPRENEURIAL POTENTIAL. | ||
| 260 |
_aNEW DELHI _c2009 |
||
| 300 | _a353 | ||
| 942 |
_aNBS _cBK _k658.110954 NAN _2ddc |
||
| 999 |
_c344529 _d344529 |
||